000 00421nam a22001697a 4500
005 20180703123749.0
008 160503b xxu||||| |||| 00| 0 eng d
020 _a07-048660-3
041 _aeng
082 _b1160
_a658.11
100 _aHisrich . Robert D AND Others
_94440
245 _aEnterepreneurship
260 _aNew Delhi
_bTata MC Graw Hill,
_c2002
300 _a663
650 _aManagement
_9241
942 _cBK
999 _c455
_d455